Ancient and Modern Wonders of the World on a Map - Statistics

General Stats
  • This quiz has been taken 69 times
  • The average score is 9 of 14
Answers on the Map
Answers color-coded by a green-red scale on the quiz's map according to % correct below.
 
Answer Stats
Period Answer % Correct
Modern World Taj Mahal
88%
Modern World Colosseum
86%
Modern World Great Wall of China
86%
Modern World Christ the Redeemer
83%
Modern World Machu Picchu
81%
Ancient World Great Pyramid of Giza
78%
Ancient World Hanging Gardens of Babylon
78%
Ancient World Colossus of Rhodes
71%
Modern World Petra
68%
Ancient World Lighthouse of Alexandria
61%
Modern World Chichen Itza
58%
Ancient World Statue of Zeus at Olympia
46%
Ancient World Temple of Artemis
36%
Ancient World Mausoleum of Halicarnassus
24%
No matching quizzes found
Score Distribution
Percent of People with Each Score
Percentile by Number Answered
Your Score History
You have not taken this quiz